Analýza účtovnej závierky príklady, úlohy a testy

Salvato in:
Dettagli Bibliografici
Autore principale: Sklenka, Miloš
Ente Autore: Ekonomická univerzita v Bratislave. Fakulta hospodárskej informatiky
Altri autori: Blahušiaková, Miriama, 1980-, Šlosárová, Anna, Soukupová, Božena
Natura: Libro
Lingua:slovacco
Pubblicazione: Bratislava Vydavateľstvo EKONÓM 2016
Edizione:1. vyd.
Soggetti:
Tags: Aggiungi Tag
Nessun Tag, puoi essere il primo ad aggiungerne!!

MARC

LEADER 00000nam a2200000 4500
001 0213525
005 20240502073548.7
020 |a 978-80-225-4221-0 
041 0 |a slo 
044 |a SK 
245 1 0 |a Analýza účtovnej závierky  |b príklady, úlohy a testy  |c Miloš Sklenka, Miriama Blahušiaková ; recenzenti: Anna Šlosárová, Božena Soukupová 
250 |a 1. vyd. 
264 1 |a Bratislava  |b Vydavateľstvo EKONÓM  |c 2016 
300 |a 238 s. [13,06 AH] 
610 2 0 |a závierka účtovná 
610 2 0 |a politika bilančná 
610 2 0 |a analýza finančná 
610 2 0 |a uzávierka účtovná 
100 1 |a Sklenka, Miloš 
700 1 |a Blahušiaková, Miriama, 1980- 
700 1 |a Šlosárová, Anna 
700 1 |a Soukupová, Božena 
710 2 |a Ekonomická univerzita v Bratislave. Fakulta hospodárskej informatiky